00445 2200157 4500001002100000008004100021020002200062035002000084082001200104084001800116100003300134245005800167260002800225300002200253990001200275INLIS000000000002902 IND  a978-602-486-583-2 a0010-0925000249 a004.678 a004.678 SUK p aProf. Dr. Sukron Kamil, M.A. aPendidikan Anti KorupsicProf. Dr. Sukron Kamil, M.A. aJakartabErlanggac2019 a301c(15 x 23 cm) a0755299